| 000 | 00634nam a2200241Ia 4500 | ||
|---|---|---|---|
| 001 | 49617 | ||
| 005 | 20240114003958.0 | ||
| 007 | ta | ||
| 008 | 090528s g b000 u 465 u | ||
| 040 | _aCotton College,Assam | ||
| 041 | _a465 | ||
| 082 |
_a823.1 _bH 771 R |
||
| 100 | _aHope, A. R. . | ||
| 245 | 0 |
_aRomance & Legend of Chivalry / _cA. R. Hope. _hTextual Documents |
|
| 250 | _a1st ed / | ||
| 260 |
_aLondon : _bThe Gresham Publishing Co Ltd. , _cnd. |
||
| 300 |
_a439p ; _c21 cm. |
||
| 653 | _aEnglish Literature | ||
| 653 | _aG-English | ||
| 942 |
_2ddc _cBK |
||
| 999 |
_c49582 _d49582 |
||